000 00723nam a2200229 i 4500
001 bg
245 0 0 _aWładza i społeczeństwo 2 :
_bantologia tekstów z zakresu socjologii polityki /
_cwybór i oprac. Jerzy Szczupaczyński ; [aut. J. Carey et al. ; tł. z ang.].
260 _aWarszawa :
_b"Scholar",
_c1998.
300 _a325 s. :
_brys. ;
_c24 cm.
504 _aBibliogr. przy tekstach.
650 4 _aPolityka
_xsocjologia
650 4 _aPodręczniki akademickie
700 1 _aSZCZUPACZYŃSKI, Jerzy.
_eOprac.
020 _a8387367249
040 _cBPK
041 1 _apl
_hen
080 _a316.334.3
080 _a(075.8)
920 _a83-87367-24-9
942 _cKS
008 s pl f |000 0 pol
999 _c37076
_d37076
856 _uhttp://koha.tu.koszalin.pl/cgi-bin/koha/opac-detail.pl?biblionumber=37076
_yKatalog online BPK